00485as aa2200121a 44500090002000000245001800020260012200038310001400160041001400174942001200188999001700200952014600217 aSERIADASb0153710aCommon Ground bMinisterio Federal del Medio Ambiente, Protección de la Naturaleza y Seguridad de los Reactores NuclearesaAlemania aIRREGULAR0 aEspañol cREVISTA c17299d17299 001040708HEMEROTECAA2001C2aVillabVillad2005-05-27l0oSERIADAS 01537p019011r2015-03-25 00:00:00t1w2015-03-25xDonaciónyREVISTA